Smell

Bibliographic Details
Main Author: Rita, Anne
Format: Book
Published: Kuala Lumpur : Sunrise Publisher , 2004
Series:Explore science
Subjects:

MARC

LEADER 00000cam a2200000 7i4500
001 0000002385
005 20220105103936.0
008 120707
020 |a 983128111X 
090 0 0 |a JP   |b SC ENG (974) 
100 0 |a Rita, Anne 
245 1 0 |a Smell   |c Anne Rita 
260 |a Kuala Lumpur :   |b Sunrise Publisher ,   |c 2004 
440 |a Explore science 
500 |a Children age 4-6 years old (yellow) 
650 0 |a Science fiction, Malay 
999 |a 0000899234   |b Book   |c Children Collection   |e Cawangan Tmn. Ungku Tun Aminah 
999 |a 0000899237   |b Book   |c Children Collection   |e Cawangan Pontian 
999 |a 0000899238   |b Book   |c Children Collection   |e Cawangan Pontian 
999 |a 0000954744   |b Book   |c Children Collection   |e Cawangan Kota Tinggi 
999 |a 0000954745   |b Book   |c Children Collection   |e Perbadanan Perpustakaan Awam Johor 
999 |a 0000954746   |b Book   |c Children Collection   |e Perbadanan Perpustakaan Awam Johor 
999 |a 0000954747   |b Book   |c Children Collection   |e Cawangan Taman Universiti 
999 |a 0000954748   |b Book   |c Children Collection   |e Cawangan Muar 
999 |a 0000986911   |b Book   |c Children Collection   |e Cawangan Bandar Penawar 
999 |a 0000986913   |b Book   |c Children Collection   |e Cawangan Tangkak 
999 |a 0001076546   |b Book   |c Children Collection   |e Cawangan Segamat 
999 |a 0001076550   |b Book   |c Children Collection   |e Cawangan Batu Pahat 
999 |a 0001076553   |b Book   |c Children Collection   |e Cawangan Pontian 
999 |a 0001076831   |b Book   |c Children Collection   |e Cawangan Bandar Penawar 
999 |a 0001147383   |b Book   |c Children Collection   |e Cawangan Batu Pahat 
999 |a 0001147384   |b Book   |c Children Collection   |e Cawangan Pontian 
999 |a 0001147385   |b Book   |c Children Collection   |e Cawangan Segamat 
999 |a 000899242   |b Book   |c Children Collection   |e Cawangan Batu Pahat